000 00432nam a2200193Ia 4500
008 240509s9999 xx 000 0 und d
020 _a9789558508091
041 _asih
082 _a891.483
082 _bS16
100 _aSARACHCHANDRA, Ediriweera
245 0 _aMalagiya Aththo
260 _bColombo :Sarathchandra Publishers
260 _c2009
300 _a128 p.
650 _aNovel
942 _2ddc
942 _cLBK
999 _c23229
_d23229
945 _a1
_bMadushi Gamage
_c1
_dMadushi Gamage